01510 a2200157 45000010006000000050017000060080041000230030015000640400040000790800068001192450056001872640035002433000019002785051038002971000017013352239220260407155515.0260407a1978 arg spa dAR-UNSa-BCEJYS aAR-UNSa-BCEJYSbspacAR-UNSa-BCEJYS a336.1xFinanzas Públicas. Finanzas del gobierno en general 10aFinanzas Públicaspesbozo de una teoría general 1aBuenos Aires :bCangalloc1978 a650 p.c22 cm. aParte I: Finanzas públicas en general - 1. Evolución del pensamiento financiero - 2. Finanzas públicas. Naturaleza, estructura y relaciones con la economía - Parte II: Presupuesto estatal - 1. El presupuesto estatal - 2. Presupuesto estatal, cuentas nacionales y renta nacional - 3. Finanzas de múltiples niveles de gobierno - Parte III: 1. Los gastos públicos - 2. Efectos de los gastos públicos - 3. Cuantificación de los efectos de los gastos públicos - Parte IV: 1. Recursos - 2.Teoría general del impuesto - Parte V: 1. Caracteres del sistema impositivo - 2. Impuestos fijos, graduales, proporcionales, progresivos y regresivos - 3. Los principios de la imposición - Parte VI: 1. El impuesto a la renta o a los réditos - 2. El impuesto a los réditos de las sociedades de capital - 3. Impuestos aduaneros y régimen cambiario - Parte VII: Otros recursos - 1. La deuda pública - 2. La emisión de billetes y las finanzas públicas - Parte VIII: Seguridad social - 1. Finanzas de la seguridad social1 aJarach, Dino